|
|
|
|
| LEADER |
00000nas a2200000 a 4500 |
| 001 |
ssj0000562688 |
| 003 |
WaSeSS |
| 005 |
20200512172242.0 |
| 006 |
m d |
| 007 |
cr n |
| 008 |
110615c20069999ii qr p s | 0eng c |
| 010 |
|
|
|a 2011261102
|
| 022 |
|
|
|l 0973-3248
|y 0973-3248
|
| 035 |
|
|
|a (WaSeSS)ssj0000562688
|
| 040 |
|
|
|a HNK
|b eng
|c HNK
|d HNK
|d OCLCQ
|d OCLCF
|d OCL
|d OCLCQ
|d WaSeSS
|
| 042 |
|
|
|a pcc
|
| 043 |
|
|
|a a-ii---
|
| 050 |
1 |
4 |
|a DS480.832
|b .I523
|
| 245 |
0 |
0 |
|a Indian foreign affairs journal
|h [electronic resource].
|
| 246 |
1 |
|
|a Foreign affairs journal
|
| 260 |
|
|
|a New Delhi, India :
|b MD Publications Pvt Ltd.
|
| 310 |
|
|
|a Quarterly
|
| 362 |
1 |
|
|a Print began with vol. 1, no. 1 (Jan.-Mar. 2006).
|
| 506 |
|
|
|a License restrictions may limit access.
|
| 588 |
|
|
|a Description based on: Vol. 5, no. 3 (July-Sept. 2010); title from title information screen (ProQuest, viewed June 16, 2011).
|
| 588 |
|
|
|a Latest issue consulted: Vol. 5, no. 4 (Oct.-Dec. 2010) (viewed Oct. 3, 2011).
|
| 650 |
|
7 |
|a Diplomatic relations.
|2 fast
|0 (OCoLC)fst01907412
|
| 651 |
|
0 |
|a India
|x Foreign relations
|v Periodicals.
|
| 651 |
|
7 |
|a India.
|2 fast
|0 (OCoLC)fst01210276
|
| 655 |
|
0 |
|a Electronic journals.
|
| 776 |
0 |
8 |
|i Print version:
|t Indian foreign affairs journal
|x 0973-3248
|w (DLC) 2006413889
|w (OCoLC)71407716
|
| 856 |
4 |
0 |
|z Full text available from Research Library: 07/01/2010 to present
|u https://search.proquest.com/publication/506316
|